[Event "Dhaka IRT U2000"]
[Site "Dhaka"]
[Date "2018.02.15"]
[Round "2"]
[White "Dewan, Shahidul Amin"]
[Black "Md Afzal, Hossain"]
[Result "0-1"]
[WhiteElo "1957"]
[BlackElo "1797"]
[PlyCount "60"]
[EventDate "2018.02.14"]
[EventType "swiss"]
[EventRounds "9"]
[EventCountry "BAN"]
[SourceTitle "EXT 2024"]
[Source "ChessBase"]
[SourceDate "2023.10.10"]
[SourceVersion "1"]
[SourceVersionDate "2023.10.10"]
[SourceQuality "1"]

1. e4 g6 2. d4 Bg7 3. Nc3 d6 4. f4 e6 5. Nf3 Ne7 6. Be3 Nd7 7. Qd2 a6 8. Bd3 b5 9. Ne2 c5 10. c3 c4 11. Bc2 Bb7 12. 0-0 0-0 13. g4 Nf6 14. f5 Nxe4 15. Bxe4 Bxe4 16. fxe6 fxe6 17. Ng5 Bd5 18. Rxf8+ Qxf8 19. Rf1 Qc8 20. h3 Bb7 21. Nf4 Bd5 22. Qf2 Qd7 23. Bd2 Rf8 24. Qh4 h6 25. Nxd5 Rxf1+ 26. Kxf1 Nxd5 27. Ne4 g5 28. Qf2 e5 29. Qf5 Qxf5+ 30. gxf5 Bf8 0-1